zpět

Detail výsledku týmu

Skipi Restaurace, Letohrad

Datum a čas kvízu

35.5 Celkem bodů Celkový počet nahraných bodů na tomto kvízu bez doplňovacích otázek.
8. Pořadí na kvízu Konečné umístění týmu na tomto kvízu.

Zaznamenané odpovědi

# Otázka Odpověď Body Výsledky
1. Která česká politička se stala... Markéta Pekarová-Adamová 0
2. Ve středu se do vesmíru po něk... Atlas 0
3. Ve čtvrtek měl v českých kinec... Mizerové: Na život a na smrt 1
4. Společnost Tatra před několika... Phoenix 0
5. Jaroslav Svejkovský se stal po... Vancouver Canucks 1
6. Dostanete vždy pět indicií, k... Idiot 1
7. Irsko – strom – Estragon – Nob... Čekání na Godota 0
8. Irving – cider – gynekolog – T... Pravidla moštárny 1
9. Roman – okupace – Tibet – Lakm... Spalovač mrtvol 1
10. Karviná – kronika – sv. Petr... Šikmý kostel 1